Gia đình trong tấm gương xã hội học : Sách tham khảo cho đào tạo sau đại học chuyên ngành xã hội học
Αποθηκεύτηκε σε:
| Κύριος συγγραφέας: | |
|---|---|
| Μορφή: | Βιβλίο |
| Γλώσσα: | Undetermined |
| Έκδοση: |
Hà Nội
Khoa Học Xã Hội
2004
|
| Θέματα: | |
| Ετικέτες: |
Προσθήκη ετικέτας
Δεν υπάρχουν, Καταχωρήστε ετικέτα πρώτοι!
|
| Thư viện lưu trữ: | Trung tâm Học liệu Trường Đại học Cần Thơ |
|---|
| LEADER | 00709nam a2200229Ia 4500 | ||
|---|---|---|---|
| 001 | CTU_73908 | ||
| 008 | 210402s9999 xx 000 0 und d | ||
| 020 | |b 58000 | ||
| 082 | |a 306.8509597 | ||
| 082 | |b N104 | ||
| 100 | |a Mai, Quỳnh Nam | ||
| 245 | 0 | |a Gia đình trong tấm gương xã hội học : | |
| 245 | 0 | |b Sách tham khảo cho đào tạo sau đại học chuyên ngành xã hội học | |
| 245 | 0 | |c Mai Quỳnh Nam | |
| 260 | |a Hà Nội | ||
| 260 | |b Khoa Học Xã Hội | ||
| 260 | |c 2004 | ||
| 650 | |a Family,Vietnam | ||
| 650 | |x Social conditions | ||
| 650 | |z Vietnam | ||
| 904 | |i Qhieu (sửa) | ||
| 980 | |a Trung tâm Học liệu Trường Đại học Cần Thơ | ||